[Event "17th North Sea Cup"]
[Site "Esbjerg DEN"]
[Date "2002.07.05"]
[Round "1"]
[White "Hansen, Curt"]
[Black "Dominguez, Leinier"]
[Result "1/2-1/2"]
[WhiteElo "2625"]
[BlackElo "2613"]
[EventDate "2002.07.05"]
[PlyCount "83"]

1.d4 d5 2.c4 c6 3.Nf3 Nf6 4.Nc3 e6 5.Bg5 dxc4 6.e4 b5 7.e5 h6 8.Bh4 g5 9.
Nxg5 hxg5 10.Bxg5 Nbd7 11.g3 Bb7 12.Bg2 Qc7 13.exf6 c5 14.O-O Bxg2 15.Kxg2
Qb7+ 16.f3 O-O-O 17.dxc5 Nxc5 18.Qe2 Nd3 19.Ne4 Qc6 20.Rfd1 Bc5 21.b3 Ba3 
22.bxc4 bxc4 23.Rab1 Rd5 24.h4 Rhd8 25.Rd2 Nb4 26.Qf2 R8d7 27.h5 c3 28.
Rxd5 c2 29.Rxb4 Rxd5 30.Rb3 Rxg5 31.Qxa7 Rb5 32.Rc3 Qxc3 33.Nxc3 Rb2 34.
Qa8+ Kd7 35.Qa4+ Kd8 36.Qa5+ Kd7 37.Qa4+ Kd8 38.Qa8+ Kd7 39.Qa4+ Kd8 40.
Qa5+ Kd7 41.Qa4+ Kd8 42.Qa8+ 1/2-1/2

[Event "17th North Sea Cup"]
[Site "Esbjerg DEN"]
[Date "2002.07.05"]
[Round "1"]
[White "Hansen, Sune Berg"]
[Black "Glek, Igor"]
[Result "1-0"]
[WhiteElo "2545"]
[BlackElo "2590"]
[EventDate "2002.07.05"]
[PlyCount "153"]

1.e4 e6 2.d4 d5 3.Nd2 c5 4.Ngf3 cxd4 5.exd5 Qxd5 6.Bc4 Qd6 7.Qe2 Nf6 8.Nb3
Nc6 9.Bg5 a6 10.O-O-O b5 11.Bd3 Be7 12.Kb1 Bb7 13.Nbxd4 Nxd4 14.Nxd4 Bd5 
15.Rhe1 Bxa2+ 16.Kxa2 Qxd4 17.Kb1 Qc5 18.f4 h6 19.Qf3 Rc8 20.Qh3 Rd8 21.f5
e5 22.Be3 Qc6 23.Bc1 Rd5 24.Re3 Qd6 25.Rde1 Kf8 26.g4 Nh7 27.Qg3 e4 28.
Rxe4 Qxg3 29.hxg3 Rd7 30.Bf4 Nf6 31.Rxe7 Rxe7 32.Bd6 Ng8 33.c4 bxc4 34.
Bxc4 Ke8 35.Bxe7 Nxe7 36.Bxa6 Kd7 37.Rd1+ Kc7 38.Bb5 Rd8 39.Rxd8 Kxd8 40.
Kc2 Kc7 41.Kc3 f6 42.Be2 Kd6 43.Bf3 g6 44.fxg6 Nxg6 45.Kd4 Ne5 46.Bd1 Nc6+
47.Ke4 Ne7 48.Bb3 Kc5 49.Bf7 Kb4 50.Kd4 f5 51.Ke5 fxg4 52.Kf4 Nc8 53.Kxg4 
Nd6 54.Be6 Ne4 55.Kf4 Nc5 56.Kf5 Nd3 57.b3 Kc3 58.Bc4 Nc5 59.g4 Kd4 60.b4 
Nb7 61.Ba6 Nd6+ 62.Kg6 Ke5 63.Kxh6 Kf4 64.Kh5 Ne4 65.Bc8 Nf6+ 66.Kh4 Nd5 
67.b5 Ke5 68.Bb7 Ne3 69.Bc6 Nc4 70.Kg5 Ke6 71.Kh4 Ne5 72.g5 Kf5 73.Kh5 Ke6
74.Be4 Nc4 75.g6 Kf6 76.Kh6 Nd6 77.b6 1-0

[Event "17th North Sea Cup"]
[Site "Esbjerg DEN"]
[Date "2002.07.06"]
[Round "2"]
[White "Glek, Igor"]
[Black "Nielsen, Peter Heine"]
[Result "1/2-1/2"]
[WhiteElo "2590"]
[BlackElo "2626"]
[EventDate "2002.07.05"]
[PlyCount "86"]

1.e4 e5 2.Nf3 Nf6 3.d4 Nxe4 4.dxe5 d5 5.Nbd2 Nxd2 6.Qxd2 Be7 7.Qf4 O-O 8.
Qg3 Bf5 9.Bh6 Bg6 10.h4 gxh6 11.h5 Bg5 12.hxg6 fxg6 13.Qh3 Nc6 14.Qe6+ Kh8
15.Rd1 Re8 16.Qxd5 Nxe5 17.Be2 Nxf3+ 18.Qxf3 Qe7 19.Kf1 c6 20.Rh3 h5 21.b3
Kg7 22.Rd4 Rad8 23.Rxd8 Rxd8 24.Bd3 Re8 25.g3 Bf6 26.Kg2 Bd4 27.Rh4 Rf8 
28.Rf4 Rxf4 29.Qxf4 Bf6 30.Qe4 Qd8 31.Bc4 h4 32.gxh4 Bxh4 33.Qe5+ Bf6 34.
Qe6 b5 35.Bd3 Qc7 36.Be4 c5 37.Bc6 b4 38.Qd7+ Qxd7 39.Bxd7 g5 40.Kf3 h5 
41.Ke4 g4 42.f3 g3 43.Bh3 h4 1/2-1/2

[Event "17th North Sea Cup"]
[Site "Esbjerg DEN"]
[Date "2002.07.06"]
[Round "2"]
[White "Stefansson, Hannes"]
[Black "Hansen, Sune Berg"]
[Result "1/2-1/2"]
[WhiteElo "2588"]
[BlackElo "2545"]
[EventDate "2002.07.05"]
[PlyCount "120"]

1.d4 d6 2.e4 Nf6 3.Nc3 g6 4.Nf3 Bg7 5.Be2 O-O 6.O-O Bg4 7.Be3 Nc6 8.Nd2 
Bxe2 9.Qxe2 Nd7 10.Nb3 e5 11.Rad1 exd4 12.Nxd4 Re8 13.f3 Nb6 14.b3 d5 15.
Qf2 Nxd4 16.Bxd4 Bxd4 17.Qxd4 dxe4 18.Nxe4 Qxd4+ 19.Rxd4 Kg7 20.Rfd1 Re5 
21.c4 f5 22.Nc3 Rae8 23.Kf2 c6 24.R1d2 R5e7 25.Ne2 Na8 26.Nf4 Nc7 27.Rd6 
Kf7 28.h4 Ne6 29.Kg3 Ng7 30.b4 Rc8 31.Nd3 Ne8 32.Rd4 Nf6 33.Kf2 Rce8 34.
Rd6 h6 35.a4 g5 36.a5 Re6 37.Nc5 Rxd6 38.Rxd6 b6 39.axb6 axb6 40.Nd3 c5 
41.Rxb6 cxb4 42.Rxb4 f4 43.Rb5 Re3 44.Ne5+ Ke6 45.hxg5 hxg5 46.Ng6 Rc3 47.
Rb6+ Kf7 48.Ne5+ Ke7 49.Kg1 Rc2 50.Ra6 Rc1+ 51.Kh2 Rc2 52.Kh3 Rc1 53.g3 
fxg3 54.Kxg3 Rc3 55.Kf2 g4 56.fxg4 Nxg4+ 57.Nxg4 Rxc4 58.Kf3 Rc1 59.Ke4 
Re1+ 60.Ne3 Kd7 1/2-1/2

[Event "17th North Sea Cup"]
[Site "Esbjerg DEN"]
[Date "2002.07.07"]
[Round "3"]
[White "Hansen, Sune Berg"]
[Black "Galliamova, Alisa"]
[Result "1/2-1/2"]
[WhiteElo "2545"]
[BlackElo "2505"]
[EventDate "2002.07.05"]
[PlyCount "45"]

1.e4 c5 2.b3 e6 3.Bb2 Nf6 4.e5 Nd5 5.Nf3 Be7 6.g3 O-O 7.Bg2 Nc6 8.O-O d6 
9.exd6 Qxd6 10.Na3 Bf6 11.Bxf6 Nxf6 12.Re1 Rd8 13.Qe2 Bd7 14.Nc4 Qc7 15.c3
Be8 16.a4 Rab8 17.a5 b5 18.axb6 axb6 19.Ra6 b5 20.Nce5 Rd6 21.Rea1 Rbd8 
22.Ra8 h6 23.h3 1/2-1/2

[Event "17th North Sea Cup"]
[Site "Esbjerg DEN"]
[Date "2002.07.07"]
[Round "3"]
[White "Nielsen, Peter Heine"]
[Black "Stefansson, Hannes"]
[Result "1-0"]
[WhiteElo "2626"]
[BlackElo "2588"]
[EventDate "2002.07.05"]
[PlyCount "57"]

1.d4 Nf6 2.c4 e6 3.Nf3 b6 4.g3 Ba6 5.b3 Bb7 6.Bg2 Bb4+ 7.Bd2 a5 8.O-O O-O 
9.Qc2 d6 10.Bg5 a4 11.Nc3 axb3 12.axb3 c5 13.Rxa8 Bxa8 14.d5 exd5 15.Nxd5 
Bxd5 16.cxd5 h6 17.Bd2 Nxd5 18.Qe4 Bxd2 19.Qxd5 Bc3 20.Rd1 Qf6 21.Qxd6 Re8
22.e3 Nc6 23.Qc7 Ne5 24.Nxe5 Bxe5 25.Qd7 Qe6 26.Bf1 Re7 27.Qd8+ Kh7 28.Bc4
Qf6 29.Rd7 {Without rooks on the board ,black can't hold the f7.The 
difference between the bishops is huge,it is like white plays with extra 
bishop. The best black can wish is exchanging the queens and look for 
escape in opposite coloured bishops ending.I think that giving up the game
is a bit too soon though.} 1-0

[Event "17th North Sea Cup"]
[Site "Esbjerg DEN"]
[Date "2002.07.07"]
[Round "3"]
[White "Tiviakov, Sergey"]
[Black "Dominguez, Leinier"]
[Result "1/2-1/2"]
[WhiteElo "2628"]
[BlackElo "2613"]
[EventDate "2002.07.05"]
[PlyCount "100"]

1.e4 c5 2.Nf3 d6 3.d4 cxd4 4.Nxd4 Nf6 5.Nc3 a6 6.Be3 e6 7.Be2 Qc7 8.a4 b6 
9.f4 Bb7 10.Bf3 Nbd7 11.Qe2 e5 12.Nf5 g6 13.fxe5 Nxe5 14.Bg5 Qd8 15.Ne3 
Bg7 16.O-O h6 17.Bh4 O-O 18.Rad1 Qc7 19.Kh1 Qc5 20.Ned5 Nxd5 21.Nxd5 Bxd5 
22.Rxd5 Qc6 23.b3 Rfc8 24.c4 Re8 25.Qf2 Rab8 26.Be2 Qc7 27.Bg3 Re6 28.Rfd1
Bf8 29.a5 bxa5 30.c5 Qc6 31.Bxe5 dxe5 32.Rf1 Qc7 33.Bc4 Bg7 34.Rd6 Rxd6 
35.Qxf7+ Qxf7 36.Bxf7+ Kh7 37.cxd6 Rb6 38.Rd1 Bf6 39.d7 Bd8 40.g3 Kg7 41.
Bc4 Rc6 42.Be2 Kf6 43.Bg4 Rb6 44.Rd3 Ke7 45.Rc3 Rb4 46.Bh3 h5 47.Kg1 a4 
48.bxa4 Rb1+ 49.Kg2 Rb2+ 50.Kh1 Rb1+ 1/2-1/2

[Event "17th North Sea Cup"]
[Site "Esbjerg DEN"]
[Date "2002.07.08"]
[Round "4"]
[White "Galliamova, Alisa"]
[Black "Nielsen, Peter Heine"]
[Result "1/2-1/2"]
[WhiteElo "2505"]
[BlackElo "2626"]
[EventDate "2002.07.05"]
[PlyCount "75"]

1.e4 c5 2.Nf3 d6 3.d4 cxd4 4.Nxd4 Nf6 5.Nc3 a6 6.Be2 e6 7.a4 Be7 8.Be3 Nc6
9.O-O O-O 10.f4 Qc7 11.Kh1 Re8 12.Bf3 Bd7 13.Nde2 Rab8 14.g4 Bc8 15.g5 Nd7
16.Bg2 b5 17.axb5 axb5 18.Ng3 b4 19.Nce2 g6 20.b3 Bf8 21.Qd3 Bb7 22.Rfd1 
Red8 23.Qd2 Nc5 24.Qe1 d5 25.exd5 exd5 26.Qf2 d4 27.Nxd4 Nxd4 28.Bxd4 
Bxg2+ 29.Kxg2 Ne6 30.Be3 Bg7 31.Rac1 Bb2 32.Rb1 Bd4 33.Bxd4 Nxd4 34.c4 
Qc6+ 35.Kh3 Qe6+ 36.Kg2 Qc6+ 37.Kh3 Qe6+ 38.Kg2 1/2-1/2

[Event "17th North Sea Cup"]
[Site "Esbjerg DEN"]
[Date "2002.07.10"]
[Round "6"]
[White "Tiviakov, Sergey"]
[Black "Nielsen, Peter Heine"]
[Result "1/2-1/2"]
[WhiteElo "2628"]
[BlackElo "2626"]
[EventDate "2002.07.05"]
[PlyCount "31"]

1.e4 c5 2.Nf3 d6 3.d4 cxd4 4.Nxd4 Nf6 5.Nc3 a6 6.Be3 e6 7.Be2 Be7 8.g4 d5 
9.exd5 Nxd5 10.Nxd5 Qxd5 11.Bf3 Qa5+ 12.Qd2 Qxd2+ 13.Bxd2 Nd7 14.O-O-O Ne5
15.Be2 Bd7 16.f4 1/2-1/2

[Event "17th North Sea Cup"]
[Site "Esbjerg DEN"]
[Date "2002.07.11"]
[Round "7"]
[White "Glek, Igor"]
[Black "Hansen, Curt"]
[Result "1/2-1/2"]
[WhiteElo "2590"]
[BlackElo "2625"]
[EventDate "2002.07.05"]
[PlyCount "157"]

1.e4 e5 2.Nf3 Nc6 3.Bb5 Nf6 4.d3 d6 5.c3 Bd7 6.Nbd2 g6 7.Nf1 Bg7 8.Bg5 h6 
9.Bh4 O-O 10.Ne3 a6 11.Ba4 Qe8 12.O-O Kh8 13.Kh1 Nh5 14.Nd5 Rc8 15.Re1 f5 
16.exf5 gxf5 17.d4 e4 18.Ng1 b5 19.Bc2 Be6 20.Nxc7 Rxc7 21.d5 Nd4 22.dxe6 
Nxc2 23.Qxc2 Qxe6 24.g4 fxg4 25.Qxe4 Be5 26.Rad1 Rg7 27.Qd5 Qf5 28.Qe4 Qc8
29.Ne2 Nf6 30.Qg2 Nh5 31.Qe4 Rf3 32.Rd3 Nf6 33.Bxf6 Rxf6 34.Ng3 Rxf2 35.
Qe3 Qc6+ 36.Ne4 Rxh2+ 37.Kg1 Rh3 38.Qf2 Qc8 39.Nxd6 Bxd6 40.Rxd6 Qa8 41.
Qg2 Qa7+ 42.Rd4 Rf3 43.Re8+ Kh7 44.Qc2+ Rg6 45.Qe4 Rf7 46.Rh8+ Kxh8 47.
Qxg6 Rg7 48.Qxh6+ Kg8 49.Qe6+ Kh7 50.Qf5+ Kh8 51.Kg2 Qb7+ 52.Kg3 Qc7+ 53.
Rf4 Kg8 54.Qe6+ Kh7 55.Qe4+ Kh8 56.Kg2 Qd7 57.Qa8+ Kh7 58.Qe4+ Kg8 59.Kg3 
Qc7 60.Qe8+ Kh7 61.Qe6 Rg6 62.Qe4 Qd6 63.Kg2 Kh6 64.Qe3 Qd5+ 65.Kg1 Kh7 
66.Rd4 Qf5 67.Re4 Rd6 68.Qe1 Kg6 69.Re3 Qc2 70.Re6+ Rxe6 71.Qxe6+ Kg5 72.
Qe7+ Kf4 73.Qd6+ Ke3 74.Qg3+ Kd2 75.Qf4+ Kd1 76.Qf1+ Kd2 77.Qf4+ Ke1 78.
Qf1+ Kd2 79.Qf4+ 1/2-1/2

[Event "17th North Sea Cup"]
[Site "Esbjerg DEN"]
[Date "2002.07.12"]
[Round "8"]
[White "Hansen, Curt"]
[Black "Stefansson, Hannes"]
[Result "1/2-1/2"]
[WhiteElo "2625"]
[BlackElo "2588"]
[EventDate "2002.07.05"]
[PlyCount "49"]

1.Nf3 Nf6 2.c4 e6 3.Nc3 Bb4 4.Qc2 O-O 5.a3 Bxc3 6.Qxc3 b6 7.b3 Bb7 8.Bb2 
d6 9.e3 Nbd7 10.Be2 e5 11.O-O Ne4 12.Qc2 Ng5 13.Ne1 f5 14.f4 exf4 15.Rxf4 
Be4 16.d3 Bb7 17.Bf3 Nxf3+ 18.Nxf3 Qe7 19.Re1 Rae8 20.Nd4 Qg5 21.Nf3 Qh6 
22.Rh4 Qg6 23.Rh3 Ne5 24.Rg3 Qh6 25.Nxe5 1/2-1/2

[Event "17th North Sea Cup"]
[Site "Esbjerg DEN"]
[Date "2002.07.13"]
[Round "9"]
[White "Galliamova, Alisa"]
[Black "Hansen, Curt"]
[Result "1/2-1/2"]
[WhiteElo "2505"]
[BlackElo "2625"]
[EventDate "2002.07.05"]
[PlyCount "154"]

1.d4 e6 2.c4 Nf6 3.Nf3 b6 4.e3 Bb7 5.Bd3 d5 6.Nbd2 Be7 7.O-O Nbd7 8.b3 O-O
9.Bb2 c5 10.Qe2 a5 11.cxd5 Nxd5 12.a3 a4 13.bxa4 cxd4 14.Bxd4 Rxa4 15.Nc4 
g6 16.Bc2 Ra8 17.e4 Nf4 18.Qe3 Qc7 19.Bb3 Bc5 20.Rfc1 Rfd8 21.Kh1 Bxd4 22.
Nxd4 Nc5 23.Nb5 Qb8 24.Bc2 Nfd3 25.Rd1 Bxe4 26.Rd2 Qf4 27.Rad1 Qxe3 28.
Nxe3 g5 29.Kg1 Bg6 30.Nc4 Ra6 31.g3 Rd7 32.f4 gxf4 33.gxf4 Bh5 34.Rxd3 
Bxd1 35.Rxd1 Rxd1+ 36.Bxd1 Nd3 37.Bf3 Nxf4 38.Bb7 Ra4 39.Nxb6 Ra5 40.Bc6 
Ng6 41.Nc4 Ra6 42.Nd4 e5 43.Bb5 Rf6 44.Ne2 Rf3 45.a4 Rb3 46.Kf2 Kf8 47.Ng3
h5 48.Nxh5 f5 49.Ng3 e4 50.Ke2 e3 51.Kf3 f4 52.Ne2 Rb1 53.Ke4 Rf1 54.Nd4 
Rf2 55.Kd3 Rxh2 56.a5 Ra2 57.a6 Ke7 58.Nb6 Kd6 59.a7 e2 60.Nxe2 Kc7 61.
a8=Q Rxa8 62.Nxa8+ Kb7 63.Ke4 Kxa8 64.Kf5 Ne7+ 65.Ke6 Nc8 66.Nxf4 Kb7 67.
Kd7 Na7 68.Be2 Kb6 69.Nd5+ Kc5 70.Nc7 Nc6 71.Ne6+ Kb6 72.Kd6 Na5 73.Nf4 
Nb7+ 74.Kd5 Nc5 75.Ng6 Nb7 76.Ne5 Kc7 77.Nc4 Nd8 1/2-1/2